| 000 | 00715nam a2200205Ii 4500 | ||
|---|---|---|---|
| 003 | JO-AjNU | ||
| 008 | 230605s9999||||xx |||||||||||||| ||und|| | ||
| 040 |
_aJO-AjNU _bara _erda _cJO-AjNU |
||
| 041 | _aara | ||
| 050 | 1 | 4 | _aHC498.A7. J8538.1993 |
| 100 | 3 |
_aالجهماني،خليل, _eauthor _910382 |
|
| 245 | 0 | 0 | _aالمصير العربي من عام 1990 الى عام 2030: عرض واقعي ونظرة مستقبلية |
| 250 | _aط1 | ||
| 264 | 3 | 1 | _aدمشق:دار المستقبل،1993 |
| 300 | _a144ص | ||
| 336 |
_atext _btxt _2rdacontent |
||
| 337 |
_aunmediated _bn _2rdamedia |
||
| 338 |
_avolume _bnc _2rdacarrier |
||
| 650 | 4 |
_a عالم عربي -- السياسة الاقتصادية _910383 |
|
| 999 |
_aA1778 _c5346 _d5346 |
||